| 000 | 00549nam a2200193Ia 4500 | ||
|---|---|---|---|
| 003 | GCL | ||
| 008 | 140319s9999 xx 000 0 eng d | ||
| 040 |
_aGCL / _cGCL |
||
| 082 | 0 | 4 |
_a307.76 _bB H |
| 100 | 1 | _aBALNQUART, PAUL | |
| 245 | 1 | 0 |
_aUNE HISTOIRE DE LA VILLE POUR REPENSER LA SOCIETE / _cBALNQUART, PAUL |
| 260 |
_a[S.N] : _bEDITION LA DECOUVRETE ، _c1997 |
||
| 300 | _a193 P | ||
| 650 | 0 | 4 | _aCITIES AND TOWNS |
| 650 | 0 | 4 | _aCOMMUNITIES |
| 650 | 0 | 4 | _aCITIES AND TOWNS - HISTORY |
| 650 | 0 | 4 | _aCITIES AND TOWN - PLANNING |
| 942 |
_2ddc _cBK |
||
| 999 |
_c16344 _d16344 |
||